[Event "93rd ARG-ch 2018"]
[Site "Laprida"]
[Date "2018.07.25"]
[Round "8"]
[White "Lujan, Carolina"]
[Black "Pichot, Alan"]
[Result "0-1"]
[WhiteElo "2329"]
[BlackElo "2564"]
[Annotator "TA"]
[PlyCount "68"]
[EventDate "2018.07.17"]
[EventType "tourn"]
[EventCountry "ARG"]
[SourceTitle "playchess.com"]
[Source "ChessBase"]
[SourceQuality "1"]

{[%evp 14,68,-6,-4,0,-19,0,-1,2,-38,-27,-51,-39,-68,-57,-81,-26,-120,-24,-85,-89,-111,-94,-127,-54,-54,-58,-60,-52,-55,-50,-47,-52,-106,-161,-150,-142,-168,-128,-127,-139,-239,-249,-393,-372,-851,-735,-29981,-29981,-29981,-29982,-29982,-29983,-29981,-29982,-1145,-1098]} 1. e4 c5 2. g3 Nc6 3. Bg2 g6 4. Ne2 Bg7 5. O-O e5 6. d3 Nge7 7. Nbc3 d6 8. a3 {LiveBook: 11 Partien} h5 {[%cal Bh7h5,Bh5h4][%mdl 32] B25: Sizilianisch (Geschlossenes System)} (8... O-O 9. Rb1 h6 10. b4 b6 11. Be3 Nd4 12. Qd2 Kh7 13. f4 Be6 14. bxc5 dxc5 15. fxe5 g5 16. Nc1 {0-1 (27) Eljanov,P (2716)-Najer,E (2663) Netanya 2009}) 9. h3 Be6 $146 ({Vorgänger:} 9... Nd4 10. Be3 Be6 11. Nd5 Nxd5 12. exd5 Bd7 13. Bxd4 cxd4 14. c4 {0-1 (31) Debashish,D (2127)-Ly,M (2369) Chennai 2011}) 10. Nd5 Qd7 {Die Stellung ist ausgeglichen.} 11. Kh2 h4 12. g4 f5 13. Nxe7 Nxe7 14. f3 d5 (14... f4 $17) 15. Ng1 (15. Bg5 $11 {hält das Gleichgewicht.}) 15... Rd8 (15... f4 $17 16. b4 cxb4 17. axb4 d4) 16. Qe2 (16. Bg5 $11) 16... f4 $17 17. b4 c4 18. Bb2 dxe4 (18... cxd3 $17 19. cxd3 Kf7) 19. fxe4 cxd3 20. cxd3 Qxd3 21. Qxd3 Rxd3 22. Nf3 Nc6 23. b5 {[#]} (23. Rac1 $15) 23... Nd4 $1 24. Bxd4 exd4 25. Rfd1 Rc3 26. Nxd4 Bc4 {Und ...Tf8 würde nun gewinnen.} 27. Rab1 (27. e5 $17 {war angesagt.} Bxe5 28. Nf3) 27... O-O $19 ({Nicht} 27... Rxa3 28. Rbc1 $15) 28. Rb4 (28. a4 $142) 28... f3 {[#] ( -> ...Le5+)} 29. Bf1 $2 (29. Rxc4 Be5+ 30. Kg1 f2+ 31. Kf1 Rxc4 32. Ne6) 29... Be2 30. Re1 Be5+ 31. Kh1 f2 32. Rxe2 Rg3 {[%csl Gf2][%cal Rg3g1]} 33. Rxf2 Rxf2 34. Bc4+ Kh8 {Precision: Weiß = 33%, Schwarz = 65%.} 0-1

[Event "93rd ARG-ch 2018"]
[Site "Laprida"]
[Date "2018.07.26"]
[Round "9"]
[White "Pichot, Alan"]
[Black "Sosa, Tomas"]
[Result "1-0"]
[WhiteElo "2564"]
[BlackElo "2467"]
[Annotator "TA"]
[PlyCount "141"]
[EventDate "2018.07.17"]
[EventType "tourn"]
[EventCountry "ARG"]
[SourceTitle "playchess.com"]
[Source "ChessBase"]
[SourceQuality "1"]

{[%evp 29,141,25,19,9,18,18,37,37,28,33,39,45,63,57,45,50,63,53,48,52,61,50,61,47,69,56,67,60,61,64,73,25,83,87,112,110,112,90,97,106,86,63,81,90,87,83,80,70,71,42,105,55,55,55,55,55,55,58,88,65,74,62,64,70,70,70,70,70,79,79,100,99,98,87,101,99,99,95,86,49,129,111,289,296,296,290,421,421,409,403,1295,1303,2152,2408,1915,1828,4134,2417,5110,4752,29973,29976,29976,29977,5189,6099,29982,29983,29983,29984,29984,29985,29987,29987]} 1. e4 e5 2. Nf3 Nc6 3. Bb5 a6 4. Ba4 Nf6 5. O-O Be7 6. Re1 b5 7. Bb3 O-O 8. c3 d6 9. h3 Bb7 10. d4 Nd7 11. Nbd2 exd4 {C92: Closed Ruy Lopez: 9...Be6, Karpov and Flohr-Zaitsev Variations} 12. cxd4 Bf6 13. Nf1 Re8 14. Ng3 Na5 {[%cal Bc6a5,Ba5c4,Bc4b2][%mdl 32]} 15. Bc2 g6 $1 {LiveBook: 71 Games} 16. Bh6 (16. Rb1 c5 17. d5 Nc4 18. b3 Ncb6 19. Nh2 {1-0 (46) Vachier Lagrave,M (2789)-Borisek,J (2576) chess.com INT 2018}) 16... Nc4 17. a4 {[#]} Nxb2 $146 ({Predecessor:} 17... bxa4 18. b3 axb3 19. Bxb3 {½-½ (58) Fenes,L (2523)-Vesely,P (2581) ICCF email 2016}) 18. Qb1 Nc4 19. axb5 axb5 20. Qxb5 Rxa1 21. Rxa1 Ncb6 $1 22. Ra7 Qb8 23. Ra3 c6 24. Qb1 Qc7 25. Bf4 c5 26. d5 Ra8 27. Rxa8+ Bxa8 28. Nf1 Bb7 29. Qb5 c4 30. Ne3 c3 (30... Qc5 $11 31. Qxc5 dxc5) 31. Qb4 Nc5 32. Nd4 Na6 {[#]} 33. Qb5 $1 {[%cal Rb5e8] Threatening mate with Qe8+.} Nd7 ({Avoid the trap} 33... Bxd4 $2 34. Qe8+ Kg7 35. Ng4 $18) 34. Nc6 {And now Ng4 would win.} Nac5 35. Qa5 Qxa5 36. Nxa5 Ne5 37. Nxb7 Nxb7 38. Kf1 Kf8 39. Bg3 Na5 (39... Nc5 $14) 40. Bxe5 Bxe5 $16 {[%mdl 4096] Endgame KBN-KBN} 41. Ke2 Nb7 42. Kd3 Nc5+ 43. Kc4 Ke7 44. Nd1 h5 45. Nxc3 h4 46. Ne2 Nd7 47. f4 Bg7 48. Kd3 Bh6 49. Ke3 g5 50. Kf3 gxf4 51. Kg4 ({Don't go for} 51. Nxf4 $2 Ne5+ 52. Ke3 Kf6 $19) 51... Kf6 52. Kxh4 Ke5 53. Kh5 Bf8 54. Kg5 Be7+ (54... Nf6 $14) 55. Kg4 f5+ $2 (55... Nb6 $16) 56. exf5 $18 Nf6+ 57. Kf3 Nxd5 (57... Nh5 {was worth a try.} 58. h4 Bd8) 58. Be4 Nf6 59. Nxf4 {[#] Hoping for Ng6+.} Nxe4 (59... Bd8 $142 60. Ng6+ Kd4) 60. Ng6+ Kxf5 61. Nxe7+ {KN-KN} Ke5 62. Ng6+ Kd5 63. Kf4 Nf6 64. Kf5 Ng8 65. g4 Nh6+ 66. Kf6 Ke4 67. Ne7 Ng8+ 68. Nxg8 {White mates.} d5 69. Ke6 d4 70. Nf6+ Kf3 71. Kf5 {Precision: White = 74%, Black = 46%.} 1-0

[Event "93rd ARG-ch 2018"]
[Site "Laprida"]
[Date "2018.07.26"]
[Round "9"]
[White "Peralta, Fernando"]
[Black "Paveto, Kevin"]
[Result "1-0"]
[WhiteElo "2563"]
[BlackElo "2416"]
[Annotator "ChessBase"]
[PlyCount "77"]
[EventDate "2018.07.17"]
[EventType "tourn"]
[EventCountry "ARG"]
[SourceTitle "playchess.com"]
[Source "ChessBase"]
[SourceQuality "1"]
[TimeControl "40/5400+30:1800+30"]

1. d4 Nf6 2. c4 g6 3. Nc3 d5 4. cxd5 Nxd5 5. e4 Nxc3 6. bxc3 Bg7 7. Bc4 c5 8. Ne2 O-O 9. O-O Nc6 10. Be3 Bg4 11. f3 Bd7 12. Rb1 Qc7 13. d5 Na5 14. Bd3 e6 15. c4 b5 16. cxb5 exd5 17. exd5 Rfe8 18. Bf2 c4 19. d6 Qxd6 20. Be4 Qxd1 21. Rbxd1 Bxb5 22. Bxa8 c3 23. Rfe1 Bxe2 24. Rc1 Bh6 25. Rxc3 Bd2 26. Rxe2 Rxe2 27. Rc2 Re8 28. Be4 Rd8 29. g4 a6 30. Kf1 Rd7 31. Bb6 Rd6 32. Bc7 Rd7 33. Be5 Bb4 34. Rc8+ Bf8 35. Bc3 Nb7 36. Bc6 Rd1+ 37. Ke2 Rb1 38. Rb8 Rc1 39. Bd2 1-0

[Event "93rd ARG-ch 2018"]
[Site "Laprida"]
[Date "2018.07.26"]
[Round "9"]
[White "Perez Ponsa, Federico"]
[Black "Benedetti, Julio"]
[Result "1-0"]
[WhiteElo "2547"]
[BlackElo "2364"]
[Annotator "TA"]
[PlyCount "51"]
[EventDate "2018.07.17"]
[EventType "tourn"]
[EventCountry "ARG"]
[SourceTitle "playchess.com"]
[Source "ChessBase"]
[SourceQuality "1"]

{[%evp 10,51,55,54,264,278,371,365,384,383,364,362,336,299,439,441,505,514,563,517,692,700,714,699,739,713,731,729,688,579,581,575,567,556,560,395,2429,2235,29987,1675,29988,29989,29993,29994]} 1. e4 {[%cal Be2e4,Be4e5,Be5e6][%mdl 32]} Nf6 2. e5 Nd5 3. d4 {[%cal Bd2d4,Bd4d5][%mdl 32]} d6 4. Nf3 Nc6 5. c4 Nb6 6. e6 {LiveBook: 144 Games. B04: Alekhine's Defence: 4 Nf3} (6. exd6 exd6 7. Be2 Be7 8. O-O O-O 9. h3 Bf6 10. Nc3 Re8 11. Re1 Bf5 12. a3 d5 13. c5 Nc8 14. Bf4 N8e7 15. Bf1 Qd7 16. b4 Ng6 17. Rxe8+ Rxe8 18. Bg3 Be4 {0-1 (60) Grigoriants,S (2576)-Nakamura,H (2786) chess.com INT 2017}) 6... f6 $2 {[#]} (6... fxe6 $14 7. h4 e5) 7. d5 $18 Ne5 8. Nc3 {White is winning.} c6 9. Nxe5 dxe5 10. Bd3 {[#] Intending Qh5+ and mate.} g6 11. h4 $146 {[%cal Bh2h4,Bh4h5,Bh5g6,Bg6h7][%mdl 32]} ({Predecessor:} 11. Qg4 Qd6 12. Be3 cxd5 13. cxd5 f5 14. Bxf5 gxf5 15. Qxf5 Nxd5 {1-0 (37) Srvatka,I-Sedmak,S Slovakia 2000}) 11... Qc7 (11... Bg7 $142 12. h5 cxd5) 12. h5 e4 13. Be2 Qe5 14. hxg6 f5 15. gxh7 Bg7 16. g3 Bxe6 17. Bf4 Qf6 18. dxe6 Qxe6 19. Qd2 Nxc4 20. Bxc4 Qxc4 21. O-O-O Kf7 22. Qe2 Qc5 $2 (22... Qxe2 23. Nxe2 Rad8) 23. Qh5+ Ke6 24. Qg6+ Bf6 25. g4 fxg4 26. Rhe1 {Precision: White = 88%, Black = 31%.} 1-0

[Event "93rd ARG-ch 2018"]
[Site "Laprida"]
[Date "2018.07.26"]
[Round "9"]
[White "Villanueva, Mario"]
[Black "Pierrot, Facundo"]
[Result "1/2-1/2"]
[WhiteElo "2481"]
[BlackElo "2389"]
[Annotator "TA"]
[PlyCount "67"]
[EventDate "2018.07.17"]
[EventType "tourn"]
[EventCountry "ARG"]
[SourceTitle "playchess.com"]
[Source "ChessBase"]
[SourceQuality "1"]

{[%evp 24,67,32,33,30,29,35,18,43,20,31,27,40,41,34,22,27,22,22,22,22,22,34,34,34,35,41,27,27,27,27,22,47,22,22,22,23,0,0,0,0,0,0,0,0,0]} 1. e4 e5 2. Nf3 Nf6 3. Nxe5 d6 4. Nf3 Nxe4 5. Nc3 Nxc3 6. dxc3 Be7 7. Be3 Nc6 8. Qd2 Be6 9. O-O-O {C42: Petroff Defence: 3 Nxe5 and unusual White 3rd moves} Bf6 10. Kb1 Qd7 11. h4 h6 12. Nd4 Nxd4 13. Bxd4 {LiveBook: 6 Games} Bxd4 14. Qxd4 O-O 15. Rg1 Qe7 16. Bd3 Rfe8 {[#]} 17. Rde1 $146 Qf6 18. Qxf6 gxf6 19. Re3 Bd7 20. Be4 Rab8 21. Rge1 b6 22. Kc1 Kf8 23. Kd2 Re5 24. f4 Re7 25. Bf3 Rxe3 26. Rxe3 $11 {[%mdl 4096] Endgame KRB-KRB} f5 27. c4 Re8 28. Ra3 a5 29. Rd3 Ke7 30. c3 Be6 {The position is equal.} 31. b3 Rg8 32. Ke3 Kd7 33. Rd1 c6 34. a4 {Precision: White = 74%, Black = 74%.} 1/2-1/2

[Event "93rd ARG-ch 2018"]
[Site "Laprida"]
[Date "2018.07.26"]
[Round "9"]
[White "Acosta, Pablo Ismael"]
[Black "Gomez, Carlos David"]
[Result "1-0"]
[WhiteElo "2432"]
[BlackElo "2356"]
[Annotator "TA"]
[PlyCount "109"]
[EventDate "2018.07.17"]
[EventType "tourn"]
[EventCountry "ARG"]
[SourceTitle "playchess.com"]
[Source "ChessBase"]
[SourceQuality "1"]

{[%evp 13,109,-10,-8,-14,-10,-10,20,25,25,27,31,27,25,36,27,18,31,24,26,26,44,0,33,26,27,18,31,25,23,23,62,52,82,58,56,56,93,89,103,85,170,175,203,203,203,203,227,224,225,222,222,212,243,238,273,266,265,259,287,283,279,281,474,285,461,301,302,271,549,516,535,544,460,528,540,533,474,513,536,560,551,552,519,501,592,555,1260,1317,2189,2093,1916,1713,2171,11793,12832,9950,12843,12843]} 1. Nf3 d5 2. c4 d4 3. g3 Nc6 4. Bg2 e5 5. O-O Bg4 (5... Nf6 6. d3 a5 7. Na3 Bc5 8. Nb5 O-O 9. Bg5 Be7 10. e3 dxe3 11. Bxe3 Bf5 12. d4 exd4 13. Nfxd4 Nxd4 14. Nxd4 Be4 15. Bxe4 Nxe4 {1-0 (53) Topalov,V (2761)-Giri,A (2782) Leuven 2016}) 6. h3 {A09: Réti Opening: 1 Nf3 d5 2 c4} Bf5 7. d3 Nf6 {LiveBook: 3 Games} 8. b4 {The position is equal.} Bxb4 9. Qa4 $146 {Hoping for Nh4.} ({Predecessor:} 9. Qb3 Bd6 10. Qxb7 Na5 11. Qa6 c6 12. Bd2 Bc7 13. Bxa5 Bxa5 14. Nxe5 {1-0 (30) Habibi,A (2293)-Galambos,M (1913) Paks 2009}) 9... Bd6 {[#]} 10. c5 $1 {[%cal Rc5d6][%mdl 512]} Bxc5 {And now ...0-0 would win.} 11. Nxe5 O-O 12. Nxc6 bxc6 13. Qxc6 Qe7 14. Bg5 Bd6 15. Qf3 Qe6 16. Nd2 Nd7 17. Qd5 Rab8 18. g4 Qxd5 19. Bxd5 Be6 20. Bxe6 fxe6 21. Nc4 Bb4 22. Rab1 Rb5 23. a3 {Black must now prevent Bh4.} Rxg5 24. Rxb4 h5 25. f3 hxg4 26. fxg4 Nf6 (26... Rc8 $16) 27. Rb7 $18 Rf7 28. Rxa7 Nxg4 {( -> ...Ne3+)} 29. Rxf7 ({Don't play} 29. Ra8+ Kh7 $16) 29... Nh6+ 30. Kf2 Nxf7 31. Rxc7 {[%mdl 4096] Endgame KRN-KRN} Ne5 32. Nd6 Rh5 33. Kg3 Rg5+ 34. Kf4 Rh5 35. h4 {[%cal Bh3h4,Bh4h5][%mdl 32]} Ng6+ {[#]} 36. Kg4 $1 {[%cal Rg4h5]} Ra5 37. h5 Nf8 $2 (37... Ne5+ 38. Kf4 Rd5) 38. Nc4 Ra6 $2 (38... Ra8 39. Rc6 Kf7 40. Rc7+ Kg8) 39. Kf4 Ra8 40. Ke4 Rd8 $2 (40... Nh7 41. Kxd4 Nf6) 41. a4 {White is clearly winning.} Nh7 42. a5 Nf6+ 43. Ke5 Ra8 44. Kxd4 Nxh5 45. Kc5 Nf4 46. Kc6 Nd5 47. Rd7 g5 48. e4 Nb4+ 49. Kb5 Rb8+ 50. Nb6 Nc2 51. a6 {[%cal Ba5a6,Ba6a7][%mdl 32]} g4 52. a7 {[%cal Ra7b8]} Rf8 53. Rc7 Nd4+ 54. Kc4 g3 55. Kxd4 {Precision: White = 75%, Black = 37%.} 1-0

[Event "93rd ARG-ch 2018"]
[Site "Laprida"]
[Date "2018.07.26"]
[Round "9"]
[White "Lorenzini, Martin"]
[Black "Real De Azua, Ernesto"]
[Result "1/2-1/2"]
[WhiteElo "2423"]
[BlackElo "2496"]
[Annotator "TA"]
[PlyCount "40"]
[EventDate "2018.07.17"]
[EventType "tourn"]
[EventCountry "ARG"]
[SourceTitle "playchess.com"]
[Source "ChessBase"]
[SourceQuality "1"]

{[%evp 18,19,4,7]} 1. e4 c6 2. d4 d5 3. Nd2 dxe4 4. Nxe4 Bf5 5. Ng3 Bg6 6. h4 h6 7. h5 Bh7 8. Nf3 Nd7 9. Bd3 Bxd3 10. Qxd3 {LiveBook: 6578 Games} {Predecessor:} e6 $146 11. Bd2 Bd6 12. O-O-O Ngf6 13. Kb1 Bc7 14. Nf1 b5 15. Ne3 Nb6 16. Rde1 Qd7 17. Rh4 O-O-O 18. Ba5 Rhe8 19. Rc1 Nfd5 20. Ne5 Qe7 {1-0 (40) Saric,I (2669)-Riazantsev,A (2650) Riadh 2017} 1/2-1/2

[Event "93rd ARG-ch 2018"]
[Site "Laprida"]
[Date "2018.07.26"]
[Round "9"]
[White "Slipak, Sergio"]
[Black "Lujan, Carolina"]
[Result "1/2-1/2"]
[WhiteElo "2411"]
[BlackElo "2329"]
[Annotator "TA"]
[PlyCount "41"]
[EventDate "2018.07.17"]
[EventType "tourn"]
[EventCountry "ARG"]
[SourceTitle "playchess.com"]
[Source "ChessBase"]
[SourceQuality "1"]

{[%evp 18,41,-4,-11,0,23,36,0,0,0,11,0,18,0,26,-13,-16,-12,-8,-19,-19,-19,48,-9,-12,-27]} 1. Nf3 Nf6 2. c4 g6 3. Nc3 d5 4. cxd5 Nxd5 5. d3 (5. e4 Nxc3 6. dxc3 Qxd1+ 7. Kxd1 f6 8. Be3 e5 9. Nd2 Nd7 10. Nb3 h5 11. f3 Nb6 12. Kc2 Bd7 13. Nc5 Bc6 14. b3 Bh6 15. Bxh6 Rxh6 16. a4 Ke7 17. Bb5 {½-½ (38) So,W (2778)-Aronian,L (2764) Leuven 2018}) 5... Nxc3 6. bxc3 {A16: English Opening: 1...Nf6 with ...d5} Bg7 7. Bd2 c5 8. g3 Nc6 9. Bg2 O-O 10. Qc1 {LiveBook: 9 Games} Re8 11. Bh6 Bh8 12. h4 $146 ({Predecessor:} 12. O-O Qa5 {1-0 (36) Heberla,B (2528)-Oral,T (2506) Czech Republic 2015}) 12... Qa5 13. Bd2 h5 14. Ng5 Qc7 15. a4 Rb8 16. Ne4 Na5 {Hoping for ...Nb3.} 17. Rb1 c4 18. Bf4 e5 $1 {[%cal Re5f4]} 19. Bg5 Re6 (19... b6 $11) 20. O-O (20. g4 $14) 20... b6 $1 $11 21. Qc2 {Precision: White = 27%, Black = 54%.} 1/2-1/2

[Event "93rd ARG-ch 2018"]
[Site "Laprida"]
[Date "2018.07.27"]
[Round "10"]
[White "Peralta, Fernando"]
[Black "Villanueva, Mario"]
[Result "1-0"]
[WhiteElo "2563"]
[BlackElo "2481"]
[Annotator "ChessBase"]
[PlyCount "69"]
[EventDate "2018.07.17"]
[EventType "tourn"]
[EventCountry "ARG"]
[SourceTitle "playchess.com"]
[Source "ChessBase"]
[SourceQuality "1"]
[TimeControl "40/5400+30:1800+30"]

1. d4 d5 2. c4 e6 3. Nc3 Bb4 4. e3 c5 5. Nf3 Nf6 6. Bd3 dxc4 7. Bxc4 Qc7 8. Qe2 O-O 9. O-O Bd7 10. Rd1 Bxc3 11. bxc3 Ba4 12. Bb3 Bxb3 13. axb3 cxd4 14. Nxd4 Nc6 15. Nxc6 Qxc6 16. c4 a6 17. Bb2 Rfd8 18. Bxf6 gxf6 19. Qg4+ Kh8 20. Qh4 e5 21. Rd5 Rxd5 22. cxd5 Qxd5 23. Qxf6+ Kg8 24. h3 Re8 25. Ra4 e4 26. Rb4 Re6 27. Qf4 h6 28. Qb8+ Kg7 29. Rxb7 Rf6 30. Re7 Qd1+ 31. Kh2 Rxf2 32. Qg3+ Kf8 33. Rb7 Rf1 34. Rb8+ Ke7 35. Qe5+ 1-0

[Event "93rd ARG-ch 2018"]
[Site "Laprida"]
[Date "2018.07.27"]
[Round "10"]
[White "Sosa, Tomas"]
[Black "Slipak, Sergio"]
[Result "1-0"]
[WhiteElo "2467"]
[BlackElo "2411"]
[Annotator "TA"]
[PlyCount "67"]
[EventDate "2018.07.17"]
[EventType "tourn"]
[EventCountry "ARG"]
[SourceTitle "playchess.com"]
[Source "ChessBase"]
[SourceQuality "1"]

{[%evp 12,67,21,10,48,54,47,40,40,26,160,159,141,139,178,180,214,172,234,187,288,272,332,320,338,347,347,336,354,360,370,366,382,385,435,423,539,527,535,590,697,411,862,681,697,687,857,854,948,734,1780,1765,1765,1747,1633,1580,1316,1308]} 1. e4 d6 2. d4 Nf6 3. Nc3 e5 4. Nge2 Nc6 5. h3 g6 6. Be3 {B07: Pirc-Ufimzew-Verteidigung} Bg7 7. g4 {LiveBook: 3 Partien} (7. g3 d5 8. Bg2 Nxe4 9. dxe5 Nxc3 10. Nxc3 O-O 11. Qxd5 Bxe5 12. O-O-O Qf6 {½-½ (37) Danin,A (2559)-Onischuk,V (2610) Dresden 2017}) 7... d5 8. dxe5 {Weiß steht etwas besser.} Nxe5 {[%cal Re5f3] [#]} 9. Bg2 {[%cal Re4d5]} Nc4 10. Bd4 $146 {Und b3 würde nun gewinnen.} ({Vorgänger:} 10. exd5 Nxe3 11. fxe3 h5 12. g5 Nd7 {0-1 (33) Rosandic,D (2256)-Sulava,N (2481) Bol 2013}) 10... O-O (10... dxe4 $11 {bleibt in der Remisbreite.} 11. g5 (11. Nxe4 O-O $11) 11... Nh5) 11. b3 $16 ({Viel schlechter ist} 11. exd5 $6 Nxb2 12. Qc1 Nc4 $14) ({Natürlich nicht} 11. Nxd5 $6 Nxd5 12. exd5 Nxb2 $11) 11... Nb6 12. exd5 Re8 {[#]} 13. Qd2 $1 Bd7 14. O-O Qc8 (14... c6 $142 15. d6 Be6) 15. Qf4 Rxe2 (15... Qd8 {war angesagt.} 16. Rae1 c6) 16. Nxe2 $18 Nfxd5 17. Qd2 Bxd4 18. Qxd4 ({Viel schwächer ist} 18. Nxd4 c5 $18) 18... c5 19. Qd2 Bc6 20. Rfe1 Nb4 21. Rad1 Bxg2 22. Kxg2 Qc6+ 23. f3 a5 24. c3 {[%cal Bc2c3,Bc3c4][%mdl 32]} Na6 25. Qg5 f6 26. Qf4 Nd5 (26... Nc7 $142 27. c4 Ne6) 27. Qd2 {Weiß steht klar auf Gewinn.} Nac7 28. c4 Nb4 29. a3 Nba6 30. Nf4 Re8 31. Rxe8+ Qxe8 32. Re1 Qf8 33. Qd7 f5 34. Ne6 {Precision: Weiß = 84%, Schwarz = 23%.} 1-0

[Event "93rd ARG-ch 2018"]
[Site "Laprida"]
[Date "2018.07.27"]
[Round "10"]
[White "Paveto, Kevin"]
[Black "Real De Azua, Ernesto"]
[Result "1/2-1/2"]
[WhiteElo "2416"]
[BlackElo "2496"]
[Annotator "TA"]
[PlyCount "73"]
[EventDate "2018.07.17"]
[EventType "tourn"]
[EventCountry "ARG"]
[SourceTitle "playchess.com"]
[Source "ChessBase"]
[SourceQuality "1"]

{[%evp 15,73,18,66,-12,0,0,40,18,85,65,66,61,39,24,16,44,59,66,57,0,0,0,0,11,3,0,0,0,0,-31,-27,-28,-28,-30,-22,-28,0,0,0,0,0,0,0,0,0,0,0,0,0,0,1,1,1,0,0,0,0,0,0,0]} 1. e4 c6 {[%cal Bc7c6,Bc6c5][%mdl 32]} 2. d4 d5 3. e5 Bf5 4. Nf3 e6 5. Be2 Ne7 6. O-O c5 7. Na3 {B12: Caro-Kann: Advance Variation} (7. c4 Nbc6 8. dxc5 d4 9. Qb3 Qc7 10. Na3 a6 11. Rd1 Rd8 12. Nc2 Bxc2 13. Qxc2 Ng6 14. a3 Bxc5 15. b4 Ba7 {0-1 (55) Vachier Lagrave,M (2789)-Anand,V (2759) Leuven 2018}) 7... Nec6 8. c4 dxc4 {[%cal Rc5d4] LiveBook: 12 Games} 9. Nxc4 ({Better is} 9. dxc5 $14 Nd7 10. Nxc4) 9... cxd4 {[#] White must now prevent ...d3.} 10. Qb3 Nd7 $146 (10... d3 {is interesting.} 11. Rd1 Nd7 12. Bf1 Nc5 13. Qc3 Na4) ({Predecessor:} 10... Qd7 11. Rd1 Bc5 12. Qb5 b6 13. Nd6+ Bxd6 14. exd6 O-O 15. Nxd4 Nxd4 16. Rxd4 {1-0 (30) Chernov,V (2417)-Lares,H (1989) Lambsheim 2017}) 11. Qxb7 Qc8 (11... Rc8 $11 {keeps the balance.}) 12. Qxc8+ $16 Rxc8 13. Rd1 $1 Bc5 14. Bf4 O-O 15. Rac1 Be4 16. a3 a5 17. Nfd2 Bd5 18. Nb3 Rb8 19. Nxc5 Nxc5 20. Nxa5 Nxa5 21. Rxc5 Rxb2 22. Bf3 Nb3 23. Rb5 Bxf3 24. gxf3 h6 25. a4 g5 26. Rd3 $1 {The position is equal.} gxf4 27. Rbxb3 Rxb3 28. Rxb3 $11 {[%mdl 4096] Endgame KR-KR} Ra8 29. Rb4 d3 30. Kf1 Rc8 {[#] Hoping for ...Rc1+.} 31. Ke1 Rc2 32. Rxf4 Re2+ 33. Kf1 Ra2 {Threatens to win with ...Ra1+.} 34. Ke1 Re2+ 35. Kd1 Rxf2 36. h4 h5 37. Rd4 {Precision: White = 67%, Black = 57%.} 1/2-1/2

[Event "93rd ARG-ch 2018"]
[Site "Laprida"]
[Date "2018.07.27"]
[Round "10"]
[White "Pierrot, Facundo"]
[Black "Acosta, Pablo Ismael"]
[Result "0-1"]
[WhiteElo "2389"]
[BlackElo "2432"]
[Annotator "TA"]
[PlyCount "112"]
[EventDate "2018.07.17"]
[EventType "tourn"]
[EventCountry "ARG"]
[SourceTitle "playchess.com"]
[Source "ChessBase"]
[SourceQuality "1"]

{[%evp 21,112,24,72,31,43,54,81,39,38,38,35,38,42,37,36,40,40,32,41,39,43,45,71,71,70,77,54,51,50,28,28,28,56,56,59,56,50,75,112,18,79,59,53,0,0,-29,-34,-14,-26,-43,-43,-43,0,-43,0,0,0,-106,-106,-91,-8,-102,-56,-121,-120,-166,-114,-149,-144,-184,-184,-184,-134,-152,-111,-181,-106,-130,-111,-168,-156,-214,-225,-206,-184,-223,-155,-238,-223,-237,-243,-977,-991]} 1. d4 Nf6 2. Nf3 d5 3. c4 e6 4. Nc3 a6 5. cxd5 exd5 6. Bg5 Be7 7. e3 Nbd7 8. Bd3 b6 9. O-O O-O 10. Rc1 Bb7 11. Qc2 Re8 {LiveBook: 8 Games. D55: Queen's Gambit Declined: 4 Bg5 Be7: Lines without ...h6 and 6...h6 7 Bxf6} 12. Ne5 Nf8 13. Rfd1 g6 $146 {White is slightly better.} ({Predecessor:} 13... N6d7 14. Bf4 Bd6 15. Nxd7 Qxd7 16. Ne2 Bxf4 17. Nxf4 Re7 18. a4 Qd6 {1-0 (66) Murali Krishnan,B (2407)-Ramnathan,B (2277) Mumbai 2009}) 14. Be2 Ne6 15. Bh4 Nd7 16. Bxe7 Qxe7 17. Nxd7 Qxd7 18. b4 {[%cal Bb2b4,Bb4b5][%mdl 32]} Re7 19. a4 f5 20. Bf1 Qd6 21. b5 a5 22. g3 Rf8 23. Bg2 g5 24. Qb3 {[%cal Rc3d5]} Rd8 25. f4 g4 26. Rd3 Ng7 27. Nd1 Ne8 28. Rdc3 h5 29. Nf2 h4 30. gxh4 (30. e4 $1 $16) 30... Qh6 (30... Qe6 $11) 31. Qc2 Bc8 32. Nh1 (32. Rc6 $14 Qxh4 33. Rg6+ Kh8 34. Nd3) 32... Qxh4 $11 33. Qf2 Qh7 34. Ng3 Kf8 35. Qa2 Bb7 36. Qc2 Rf7 37. Kf2 (37. h3 $5) 37... Rdd7 38. Rh1 {Black should prevent h3.} Qh4 39. Rc1 (39. h3 $11 {remains equal.} Nf6 40. Qxf5) 39... Nd6 $17 40. Kg1 Rde7 ({Better is} 40... Ne4 $17 41. Bxe4 dxe4) 41. Qf2 (41. Qa2 $1 $11 {keeps the balance.}) 41... Qh6 42. Ne2 (42. Rc6 $15) 42... Rh7 43. Qg3 Qe6 ({Black should try} 43... Ke8 $19 44. R1c2 Kd8) 44. Re1 Reg7 45. Qf2 Qh6 46. Qg3 Ne8 47. Rc2 Nf6 48. Rec1 {[#]} (48. Rb1 $17) 48... Qh5 ({Black should play} 48... Ke8 $1 $19 49. Rc3 Kd8) 49. Kf2 Qe8 {aiming for ...Rh3!} ({Inferior is} 49... Qxh2 50. Qxh2 Rxh2 51. Ng3 $14) 50. Ke1 (50. Kg1 $17 {was necessary.}) 50... Qe7 $19 51. Rxc7 (51. Kf1 $17) 51... Qb4+ 52. R7c3 Qxa4 53. Rb1 Qa2 54. Rcb3 (54. Rbc1 $17 {might work better.}) 54... Rc7 {White must now prevent ...Rc2.} 55. R3b2 {[#]} Qa3 $1 56. Kf2 $2 {[#]} (56. Rb3 Qe7 57. Rc3) 56... Rh3 $1 {[%mdl 512] Precision: White = 38%, Black = 57%.} 0-1